000 00443nam a2200145Ia 4500
008 100204s9999 xx 000 0 und d
082 _b20257
100 _aकणेकर शिरिष
245 _aते साठ दिवस
260 _b"पुष्प प्रकाशन , पुणे"
_c1997
300 _a113
630 _aते साठ दिवस
730 _aते साठ दिवस
942 _cBOOK
999 _c464679
_d464676